| 000 | 00608nam a22002297a 4500 | ||
|---|---|---|---|
| 003 | OSt | ||
| 005 | 20140310182917.0 | ||
| 008 | 130129t xxu||||| |||| 00| 0 eng d | ||
| 020 | _a9712339068 | ||
| 050 |
_aPL6055 _b.B454 2004 |
||
| 082 |
_aFIL 808.0427 _bP14 2004 |
||
| 245 |
_aPagbasa at pagsulat _cBelvez, Paz M. _bsa ibat-ibang disiplina (Filipino II) |
||
| 250 | _a1st ed. | ||
| 260 |
_aManila _bRex Book Store _cc2004 |
||
| 300 |
_a191 p. _c22 cm. |
||
| 521 | _acollege students | ||
| 526 | _c1210L-1700L | ||
| 541 | _j1 | ||
| 541 | _j2 | ||
| 562 | _e2 | ||
| 942 |
_2lcc _cBK _kFIL |
||
| 999 |
_c17306 _d17306 |
||